UBT Library

Of sound and symbol : (Record no. 39032)

000 -LEADER
fixed length control field 00694cam a22002174a 4500
001 - CONTROL NUMBER
control field 15260156
005 - DATE AND TIME OF LATEST TRANSACTION
control field 20171215082358.0
008 - FIXED-LENGTH DATA ELEMENTS--GENERAL INFORMATION
fixed length control field 080414s2007 inua 000 0 eng
010 ## - LIBRARY OF CONGRESS CONTROL NUMBER
LC control number 2007906025
020 ## - INTERNATIONAL STANDARD BOOK NUMBER
International Standard Book Number 9781425957872 (pbk.)
040 ## - CATALOGING SOURCE
Original cataloging agency DLC
Transcribing agency DLC
041 ## - LANGUAGE CODE
Language code of text/sound track or separate title eng
080 ## - UNIVERSAL DECIMAL CLASSIFICATION NUMBER
Universal Decimal Classification number 421.5 JOS
082 00 - DEWEY DECIMAL CLASSIFICATION NUMBER
Classification number 421.5 JOS
Edition number 22
100 1# - Rafti
Rafti 45
101 ## - Shkurtesa
Shkurtesa MUZ
245 10 - TITLE STATEMENT
Title Of sound and symbol :
Statement of responsibility, etc Daniel Joseph Cesar.
906 ## - LOCAL DATA ELEMENT F, LDF (RLIN)
a 7
b cbc
c orignew
d 3
e ncip
f 20
g y-gencatlg
942 ## - ADDED ENTRY ELEMENTS (KOHA)
Source of classification or shelving scheme
Item type Books
Holdings
Withdrawn status Lost status Source of classification or shelving scheme Damaged status Not for loan Permanent location Current location Date acquired Total Checkouts Full call number Barcode Date last seen Price effective from Koha item type
          UBT - Lipjan UBT - Lipjan 12/15/2017   421.5 JOS 002-2939495 12/15/2017 12/15/2017 Books
UBT Library © 2015-2024. All rights reserved University Education for Business and Technology